| 000 | 00396nam a2200145Ia 4500 | ||
|---|---|---|---|
| 008 | 211109s9999||||xx |||||||||||||| ||und|| | ||
| 082 |
_a894.8123 _bPAN-U |
||
| 100 | _aPanicker, K M | ||
| 245 | 0 | _aUgra Sapatham | |
| 260 |
_bMagalodayam _aVennikulam _c1964 |
||
| 300 | _a220p. | ||
| 630 | _xGeneral Stack | ||
| 650 |
_aMALAYALAM LITERATURE _vMALAYALAM FICTIONLITERATURE _xGeneralia |
||
| 942 | _cBOOK | ||
| 999 |
_c24769 _d24769 |
||